01480nam a22003737a 4500003000500000005001700005008004100022010001000063011001000073035001000083040000900093082001500102100003600117245005400153260004100207300004100248490004200289590004100331590004100372590004100413590004100454590004200495650002000537700003500557700003500592830004900627901000700676942001000683949006500693949007000758999001700828952012800845952013300973CHAP20220329140448.0971013s1971 r 00010 d a52334 a53306 a57456 cCHAP a634.25bP600aPorta Montserrat, Pedro.990967 aMelocotonerob: guía práctica de tratamientos aLérida, España :bDilagro,c1971 a180 p.b: ilus. ; gráfs. ; láms. aPlagas y Enfermedades de los frutales aBATCH-UPDb10c20130110lUCH01h0448 aBATCH-UPDb10c20130110lUCH01h2256 aBATCH-UPDb10c20130410lUCH01h0125 aBATCH-UPDb10c20130914lUCH01h0519 aCONVERSIONb10c20130109lUCH01h132814aDurazno.9345700 aBadia Serentill, Manuel.993520 aMitjana Berdie, José.9762450 aPlagas y Enfermedades de los frutales988639 aBK cLIBRO a634.25 P6bBCcLIBROd-124986eLIBROh38416i57456sit93.75 a634.25 P6bBCcLIBROd-124987eLIBROfc.2h38417i57456sit93.75 c52334d52334 00102ddc4052708GRALaBCbBCcPP_GRALd2019-12-31fLIBROl0o634.25 P6p-124986r2019-12-31 00:00:00w2019-12-31yLIBRO 00102ddc4052708GRALaBCbBCcPP_GRALd2019-12-31fLIBROl0o634.25 P6p-124987r2019-12-31 00:00:00tc.2w2019-12-31yLIBRO